[Event "Trento op"]
[Site "Trento"]
[Date "2008.03.28"]
[Round "1"]
[White "Pretto, Aldo"]
[Black "Kaserer, Hans Peter"]
[Result "0-1"]
[WhiteElo "1524"]
[BlackElo "1956"]
[PlyCount "100"]
[EventDate "2008.03.28"]
[EventType "swiss"]
[EventRounds "5"]
[EventCountry "ITA"]
[SourceTitle "EXT 2011"]
[Source "ChessBase"]
[SourceDate "2010.11.26"]
[SourceVersion "1"]
[SourceVersionDate "2010.11.26"]
[SourceQuality "1"]

1. Nf3 Nf6 2. g3 b6 3. Bg2 Bb7 4. 0-0 e6 5. d3 d5 6. Nbd2 g6 7. c4 Bg7 8. cxd5 exd5 9. Re1 0-0 10. e4 dxe4 11. Ng5 Qxd3 12. Ngxe4 Nxe4 13. Nxe4 Qxd1 14. Rxd1 Bc6 15. Bf4 Na6 16. Nf6+ Bxf6 17. Bxc6 Rad8 18. Bb5 Nc5 19. Bxc7 Rxd1+ 20. Rxd1 Bxb2 21. Bc4 Rc8 22. Rd8+ Rxd8 23. Bxd8 Bd4 24. Kg2 Kf8 25. Bc7 Ne4 26. f3 Nc3 27. Kf1 Ke7 28. Ke1 h6 29. Kd2 Na4 30. g4 Nc5 31. Bb8 a6 32. Bf4 b5 33. Bd5 g5 34. Bc7 f6 35. f4 Ne6 36. Bxe6 Kxe6 37. Kd3 Kd5 38. f5 Be5 39. Bd8 Kd6 40. h3 Kd7 41. Bb6 Kc6 42. Ba5 Bc7 43. Bc3 Bd8 44. Bb4 a5 45. Bf8 b4 46. Kc4 Kd7 47. Kb5 Ke8 48. Bc5 Kd7 49. Bb6 Bxb6 50. Kxb6 a4 0-1

[Event "Bolzano op 2nd"]
[Site "Bolzano"]
[Date "2007.05.28"]
[Round "7"]
[White "Kaserer, Hans Peter"]
[Black "Dallaglio, Giovanni"]
[Result "1-0"]
[WhiteElo "1982"]
[BlackElo "2027"]
[PlyCount "69"]
[EventDate "2007.05.25"]
[EventType "swiss"]
[EventRounds "7"]
[EventCountry "ITA"]
[SourceTitle "EXT 2011"]
[Source "ChessBase"]
[SourceDate "2010.11.26"]
[SourceVersion "1"]
[SourceVersionDate "2010.11.26"]
[SourceQuality "1"]

1. d4 d5 2. c4 e6 3. Nc3 Be7 4. Nf3 Nf6 5. Bg5 0-0 6. e3 h6 7. Bh4 Ne4 8. Bg3 c5 9. cxd5 Nxc3 10. bxc3 exd5 11. Be2 Nc6 12. 0-0 Be6 13. Rb1 cxd4 14. cxd4 Qd7 15. Qb3 Na5 16. Qc3 b6 17. Ba6 Bd6 18. Rfc1 Bxg3 19. hxg3 f6 20. Qc7 Qxc7 21. Rxc7 Bc8 22. Bd3 Be6 23. Rbc1 Rfc8 24. Ba6 Rxc7 25. Rxc7 Nc4 26. Ne1 Nd6 27. Nd3 Ne8 28. Re7 Bf7 29. Nb4 Nd6 30. Rd7 Ne8 31. Bb7 Be6 32. Re7 Rb8 33. Rxe6 Kf7 34. Bxd5 Rd8 35. Rd6+ 1-0

[Event "Arco op 28th"]
[Site "Arco"]
[Date "2006.10.26"]
[Round "6"]
[White "Kaserer, Hans Peter"]
[Black "Savarese, Vincenzo"]
[Result "1-0"]
[WhiteElo "1989"]
[BlackElo "1865"]
[PlyCount "49"]
[EventDate "2006.10.21"]
[EventType "swiss"]
[EventRounds "9"]
[EventCountry "ITA"]
[SourceTitle "EXT 2007"]
[Source "ChessBase"]
[SourceDate "2006.11.23"]
[SourceVersion "1"]
[SourceVersionDate "2006.11.23"]
[SourceQuality "1"]

1. d4 d5 2. c4 dxc4 3. Nc3 e6 4. e3 Nf6 5. Bxc4 c5 6. Nf3 Nc6 7. 0-0 Bd6 8. Nb5 0-0 9. Qe2 cxd4 10. exd4 Bb8 11. Rd1 a6 12. Nc3 b5 13. Bb3 Nb4 14. Bg5 Bb7 15. a3 Qd6 16. axb4 Bxf3 17. Qxf3 Qxh2+ 18. Kf1 Nd5 19. Qh3 Qd6 20. Nxd5 exd5 21. Re1 Ra7 22. Rac1 Qxb4 23. Rc8 Rc7 24. Rxc7 Bxc7 25. Be7 1-0